00538 2200205 4500001002100000005001500021035002000036245005200056100001900108260004300127008004100170082001200211084001800223650001300241650001800254650000800272020002200280990001500302990001500317INLIS00000000000007220251118124646 a0010-11250000721 aMenjelajah Dunia Internet /cBudi Adha Nuryanto1 aNuryanto, Budi aBandung :bMutiara Ilmu Bandung,c2008251118 g 0 ind  a004.678 a004.678 NUR m aInternet aIlmu Komputer aTIK a978-602-8239-28-8 a0326/TP/15 a0326/TP/15